Mecánica para ingeniería: dinámica
Salvato in:
| Autori principali: | , |
|---|---|
| Natura: | Libro |
| Lingua: | spagnolo |
| Pubblicazione: |
Buenos Aires
Addison-Wesley Iberoamericana
1996
|
| Soggetti: | |
| Tags: |
Aggiungi Tag
Nessun Tag, puoi essere il primo ad aggiungerne!!
|
MARC
| LEADER | 00000nam a2200000 a 4500 | ||
|---|---|---|---|
| 001 | UCO0643 | ||
| 003 | CL-VaPUC | ||
| 008 | 000428e19960000AG |||||||||||||||||spa|d | ||
| 082 | 0 | 4 | |a 620.104 |b BED |2 21 |
| 100 | 0 | |a Bedford, Anthony |e author |9 442009 | |
| 700 | 0 | |a Fowler, Wallace |e author |9 442010 | |
| 245 | 1 | 0 | |a Mecánica para ingeniería: dinámica |
| 300 | |a 548 p | ||
| 942 | |c BK | ||
| 945 | |d 20000428 00:00:00 |a vberengu | ||
| 260 | |a Buenos Aires |b Addison-Wesley Iberoamericana |c 1996 | ||
| 650 | 0 | |a Aceleración |9 348443 | |
| 650 | 0 | |a Cinemática |9 260942 | |
| 650 | 0 | |a Dinámica |9 260136 | |
| 650 | 7 | |a ENERGIA CINETICA |2 CL-VaPUC |9 368071 | |
| 650 | 0 | |a Fuerza |9 345825 | |
| 650 | 0 | |a Masa |9 344731 | |
| 650 | 0 | |a Mecánica |9 260096 | |
| 650 | 0 | |a Vibraciones |9 338108 | |
| 583 | |a last modification |c 20130419 10:12:37 |k Rodrigo Vera | ||
| 999 | |c 287292 |d 287290 | ||
| 952 | |0 0 |1 0 |4 0 |6 620_104000000000000_BED_1996 |7 0 |8 A |9 334043 |a BIBMEC |b BIBMEC |d 2019-11-20 |i 3612147 |l 1 |o 620.104 BED 1996 |p 3612147 |r 2024-01-19 |s 2021-10-25 |w 2019-11-20 |y BK |k MEC | ||